American Founding Fathers - Statistics

General Stats
  • This quiz has been taken 23,099 times
    16,645 since last reset
  • The average score is 11 of 20
Answer Stats
Description Answer % Correct
First President George Washington
100%
Declaration of Independence author Thomas Jefferson
95%
Inventor, ambassador, publisher, quote magnet, Lothario Ben Franklin
86%
Tea Party leader and beer namesake Samuel Adams
86%
First Secretary of the Treasury Alexander Hamilton
82%
Bill of Rights author James Madison
75%
First signer of the Declaration of Independence John Hancock
70%
The British are coming! Paul Revere
70%
Vice President who killed ^ in a duel Aaron Burr
69%
"Era of Good Feelings" President James Monroe
60%
"Common Sense" pamphleteer Thomas Paine
56%
"Federalist Papers" author and first Chief Justice John Jay
40%
Give him liberty, or give him death! Patrick Henry
40%
Sea captain who has not yet begun to fight! John Paul Jones
30%
Creator of American spelling Noah Webster
28%
Chief Justice, 1801-35 John Marshall
26%
He regrets he had but one life to give for his country Nathan Hale
23%
Green Mountain Boys leader Ethan Allen
22%
New Hampshirite and namesake of the President on "West Wing" Josiah Bartlett
16%
His "Virginia Declaration of Rights" inspired the U.S. Bill of Rights George Mason
10%
No matching quizzes found
Score Distribution
Percent of People with Each Score
Percentile by Number Answered
Your Score History
You have not taken this quiz since the last reset